[Event "ITA-chT Final 56th"]
[Site "Darfo Boario Terme"]
[Date "2025.04.13"]
[Round "9.30"]
[White "D'Amore, Carlo"]
[Black "Moroder, Stefan"]
[Result "1/2-1/2"]
[WhiteElo "2374"]
[BlackElo "2253"]
[PlyCount "137"]
[EventDate "2025.04.07"]
[EventType "team-swiss"]
[EventRounds "9"]
[EventCountry "ITA"]
[SourceTitle "CB16_2025"]
[SourceDate "2025.04.16"]
[SourceVersion "1"]
[SourceVersionDate "2025.04.16"]
[SourceQuality "1"]
[WhiteTeam "Dragone Master"]
[BlackTeam "UST"]
[WhiteTeamCountry "ITA"]
[BlackTeamCountry "ITA"]

1. Nf3 c5 2. g3 Nc6 3. Bg2 g6 4. 0-0 Bg7 5. e4 e6 6. d3 Nge7 7. Nc3 0-0 8. Be3 Nd4 9. Qd2 f5 10. Ne1 d6 11. Bh6 Rb8 12. Bxg7 Kxg7 13. f4 Bd7 14. Nd1 Qc7 15. c3 Ndc6 16. Nf3 fxe4 17. dxe4 e5 18. Nf2 Rbd8 19. fxe5 Nxe5 20. Nxe5 dxe5 21. Qe3 b6 22. Bh3 Bb5 23. Rfe1 h5 24. Bf1 Bxf1 25. Rxf1 Qd7 26. Rad1 Qe6 27. b3 c4 28. b4 Nc6 29. b5 Na5 30. Kg2 Nb7 31. Nh3 Rxd1 32. Rxd1 Nc5 33. Ng5 Qf6 34. Nf3 Nd3 35. Rf1 Qe7 36. Qe2 Rf6 37. h4 Qa3 38. Qd2 Qc5 39. a4 Qa3 40. Qc2 Qf8 41. Qe2 Qa3 42. Ng5 Rxf1 43. Qxf1 Qb2+ 44. Kg1 Qc1 45. Ne6+ Kg8 46. Nd8 Qxf1+ 47. Kxf1 Nc5 48. Nc6 Nxa4 49. Nxa7 Nxc3 50. Ke1 Kg7 51. Nc8 Nxb5 52. Nxb6 Nd6 53. Ke2 Nxe4 54. Nxc4 Nxg3+ 55. Kf3 Nf5 56. Nxe5 Nxh4+ 57. Kf4 Kf6 58. Nd7+ Ke6 59. Nc5+ Kf7 60. Ne4 Nf5 61. Kg5 Nd4 62. Nd6+ Ke6 63. Kxg6 h4 64. Kg5 h3 65. Ne4 h2 66. Nf2 Kd5 67. Kg4 Ke5 68. Kg3 h1N+ 69. Nxh1 1/2-1/2

[Event "ITA-chT Final 56th"]
[Site "Darfo Boario Terme"]
[Date "2025.04.10"]
[Round "5.34"]
[White "D'Amore, Carlo"]
[Black "Seresin, Francesco"]
[Result "1/2-1/2"]
[WhiteElo "2374"]
[BlackElo "2314"]
[PlyCount "85"]
[EventDate "2025.04.07"]
[EventType "team-swiss"]
[EventRounds "9"]
[EventCountry "ITA"]
[SourceTitle "CB16_2025"]
[SourceDate "2025.04.16"]
[SourceVersion "1"]
[SourceVersionDate "2025.04.16"]
[SourceQuality "1"]
[WhiteTeam "Dragone Master"]
[BlackTeam "Milan Accademia"]
[WhiteTeamCountry "ITA"]
[BlackTeamCountry "ITA"]

1. Nf3 Nf6 2. g3 d5 3. Bg2 e6 4. d3 c5 5. 0-0 Nc6 6. Nbd2 g6 7. e4 Bg7 8. exd5 Nxd5 9. c3 0-0 10. Nb3 b6 11. d4 Ba6 12. Re1 cxd4 13. Nbxd4 Nxd4 14. Nxd4 Qd7 15. Nf3 Qc7 16. Bd2 Bb7 17. a4 a6 18. Qb3 Bc6 19. Qc4 b5 20. axb5 axb5 21. Qh4 Ne7 22. g4 Rxa1 23. Rxa1 Qb7 24. Qg3 Ra8 25. Rxa8+ Qxa8 26. Ne1 Bxg2 27. Qxg2 Nd5 28. Qf1 Qa4 29. Qe2 Bf8 30. Kf1 Bd6 31. h3 Bf4 32. Nd3 Bxd2 33. Qxd2 Qe4 34. Kg1 Qf3 35. Kh2 Kg7 36. b3 Qe4 37. Kg3 Qh1 38. c4 bxc4 39. bxc4 Qg1+ 40. Kf3 Qh1+ 41. Kg3 Qg1+ 42. Kf3 Qh1+ 43. Kg3 1/2-1/2

[Event "WchT Seniors 50"]
[Site "Prague"]
[Date "2025.02.18"]
[Round "2.4"]
[White "D'Amore, Carlo"]
[Black "Berg, Anders Hoyer"]
[Result "1-0"]
[WhiteElo "2362"]
[BlackElo "2073"]
[PlyCount "81"]
[EventDate "2025.02.17"]
[EventType "team-swiss"]
[EventRounds "9"]
[EventCountry "CZE"]
[SourceTitle "CB09_2025"]
[SourceDate "2025.02.27"]
[SourceVersion "1"]
[SourceVersionDate "2025.02.27"]
[SourceQuality "1"]
[WhiteTeam "Italy 50"]
[BlackTeam "Oslo 50"]
[WhiteTeamCountry "ITA"]
[BlackTeamCountry "NOR"]

1. Nf3 d5 2. g3 Nf6 3. Bg2 c6 4. b3 Bg4 5. Bb2 Nbd7 6. c4 e6 7. 0-0 Bd6 8. d3 0-0 9. Nbd2 a5 10. a3 Qe7 11. h3 Bh5 12. cxd5 cxd5 13. Nd4 a4 14. b4 Rfc8 15. Rc1 Rxc1 16. Qxc1 Qd8 17. Qa1 Qb6 18. g4 Bg6 19. N4f3 h6 20. Rc1 Qd8 21. Ne5 Nxe5 22. Bxe5 Bxe5 23. Qxe5 Rc8 24. Qa1 Ne8 25. Nf3 Rxc1+ 26. Qxc1 Qc7 27. Qd1 b5 28. Nd4 Nd6 29. Qd2 Kf8 30. f4 Ke7 31. Qe3 Kf8 32. Kf2 Qc3 33. Qe5 Qc7 34. Qxe6 Ne4+ 35. Bxe4 Qxf4+ 36. Kg2 dxe4 37. Qc8+ Ke7 38. Nc6+ Kf6 39. Qd8+ Ke6 40. Nd4+ Ke5 41. Qc7+ 1-0

[Event "WchT Seniors 50"]
[Site "Prague"]
[Date "2025.02.17"]
[Round "1.16"]
[White "Marin Aso, Jose Luis"]
[Black "D'Amore, Carlo"]
[Result "0-1"]
[WhiteElo "1948"]
[BlackElo "2362"]
[PlyCount "77"]
[EventDate "2025.02.17"]
[EventType "team-swiss"]
[EventRounds "9"]
[EventCountry "CZE"]
[SourceTitle "CB09_2025"]
[SourceDate "2025.02.27"]
[SourceVersion "1"]
[SourceVersionDate "2025.02.27"]
[SourceQuality "1"]
[WhiteTeam "Catalunya Politecnica Uni 50"]
[BlackTeam "Italy 50"]
[WhiteTeamCountry "ESP"]
[BlackTeamCountry "ITA"]

1. e4 g6 2. d4 Bg7 3. Nc3 d6 4. f4 a6 5. Nf3 b5 6. Bd3 Bb7 7. 0-0 Nd7 8. a4 c5 9. axb5 cxd4 10. Ne2 Qb6 11. Bd2 Ngf6 12. Ba5 Qa7 13. e5 Ng4 14. bxa6 Bxa6 15. Bd2 Qb6 16. Qc1 dxe5 17. fxe5 0-0 18. Ng3 Bxd3 19. cxd3 Rxa1 20. Qxa1 Ngxe5 21. Qa3 Nxf3+ 22. Rxf3 Ne5 23. Rf1 Qb7 24. Ra1 h5 25. Ne4 Qb5 26. Qxe7 Qxd3 27. Nf6+ Bxf6 28. Qxf6 Qxd2 29. Qxe5 Rc8 30. b3 Rc1+ 31. Rxc1 Qxc1+ 32. Kf2 d3 33. Qe8+ Kg7 34. Qe5+ Kh7 35. Qd5 Qd2+ 36. Kg3 Qe1+ 37. Kf3 Qe2+ 38. Kf4 Qf2+ 39. Qf3 0-1

[Event "WchT Seniors 50"]
[Site "Krakow"]
[Date "2024.07.02"]
[Round "1.4"]
[White "D'Amore, Carlo"]
[Black "Wielosz, Jaroslaw"]
[Result "1-0"]
[WhiteElo "2357"]
[BlackElo "1920"]
[PlyCount "95"]
[EventDate "2024.07.02"]
[EventType "team-swiss"]
[EventRounds "9"]
[EventCountry "POL"]
[SourceTitle "CBM 221 Extra"]
[Source "ChessBase"]
[SourceDate "2024.09.30"]
[SourceVersion "1"]
[SourceVersionDate "2024.09.30"]
[SourceQuality "1"]
[WhiteTeam "Italy 50"]
[BlackTeam "Poland Caissa 50"]
[WhiteTeamCountry "ITA"]
[BlackTeamCountry "POL"]

1. Nf3 Nf6 2. g3 g6 3. Bg2 Bg7 4. 0-0 0-0 5. d4 d5 6. Be3 c6 7. Qc1 a5 8. c4 Bf5 9. h3 Na6 10. g4 Bc8 11. Bh6 dxc4 12. Bxg7 Kxg7 13. Qxc4 h5 14. g5 Ne4 15. Nc3 Nd6 16. Qd3 Nb4 17. Qd2 Bf5 18. d5 Qc8 19. a3 Na6 20. dxc6 bxc6 21. Qd4+ Kg8 22. Ne5 Bxh3 23. Nxc6 Nf5 24. Bxh3 Qxc6 25. Bxf5 gxf5 26. Nd5 Rfe8 27. Qe5 Qe6 28. Qxe6 fxe6 29. Nf4 Kf7 30. Nd3 Rec8 31. Rac1 Rab8 32. f4 Nc7 33. Rc6 Nd5 34. Rfc1 Rxc6 35. Rxc6 Rb6 36. Rxb6 Nxb6 37. b4 a4 38. Ne5+ Kg7 39. b5 Nd5 40. e3 Nb6 41. Kg2 Kh7 42. Kh3 Kg7 43. Kh4 Kh7 44. Kxh5 Kg7 45. Kh4 Kh7 46. Kg3 Kg7 47. Kf2 Nd5 48. Nd7 1-0

[Event "ITA-chT GpA 54th"]
[Site "Bacoli"]
[Date "2023.04.28"]
[Round "5"]
[White "D'Amore, Carlo"]
[Black "Lapiccirella, Daniele"]
[Result "1-0"]
[WhiteElo "2380"]
[BlackElo "2139"]
[PlyCount "43"]
[EventDate "2023.04.25"]
[EventType "team-tourn"]
[EventRounds "7"]
[EventCountry "ITA"]
[SourceTitle "CBM 213 Extra"]
[Source "ChessBase"]
[SourceDate "2023.05.31"]
[SourceVersion "1"]
[SourceVersionDate "2023.05.31"]
[SourceQuality "1"]
[WhiteTeam "Chieti"]
[BlackTeam "Cerianese Scacchistica"]
[WhiteTeamCountry "ITA"]
[BlackTeamCountry "ITA"]

1. Nf3 d5 2. g3 c6 3. Bg2 Bg4 4. 0-0 e6 5. d4 Nf6 6. c4 Nbd7 7. Qb3 Qb6 8. Nc3 Be7 9. Bf4 0-0 10. h3 Bf5 11. g4 Qxb3 12. axb3 Bc2 13. Nd2 h6 14. Rfc1 Bh7 15. e3 a6 16. Bg3 Rad8 17. c5 Ra8 18. b4 Rfc8 19. Ra3 Bd8 20. Rca1 Ne8 21. b5 cxb5 22. Nxb5 1-0

[Event "Montesilvano Easter op 8th"]
[Site "Montesilvano"]
[Date "2023.04.07"]
[Round "1"]
[White "Giammona, Federico"]
[Black "D'Amore, Carlo"]
[Result "1/2-1/2"]
[WhiteElo "1985"]
[BlackElo "2380"]
[PlyCount "104"]
[EventDate "2023.04.07"]
[EventType "swiss"]
[EventRounds "6"]
[EventCountry "ITA"]
[SourceTitle "CBM 213 Extra"]
[Source "ChessBase"]
[SourceDate "2023.05.31"]
[SourceVersion "1"]
[SourceVersionDate "2023.05.31"]
[SourceQuality "1"]

1. d4 d5 2. Bf4 Bg4 3. c4 dxc4 4. f3 Bh5 5. e4 b5 6. a4 b4 7. Bxc4 e6 8. Ne2 Nf6 9. Qc2 a6 10. Nd2 Be7 11. Nb3 Bg6 12. Bd3 Ra7 13. Rc1 0-0 14. Bxc7 Qd7 15. Bb6 Ra8 16. a5 h5 17. 0-0 h4 18. Rfd1 Nh5 19. Nc5 Qe8 20. f4 Nf6 21. d5 exd5 22. e5 Ne4 23. Nxe4 dxe4 24. Bxe4 b3 25. Qd3 Bxe4 26. Qxe4 Nd7 27. Bf2 Rc8 28. Qf5 Nc5 29. Nc3 Ne6 30. Nd5 Rxc1 31. Rxc1 Bd8 32. Qg4 Qb5 33. Nf6+ Bxf6 34. exf6 g6 35. Re1 Qf5 36. Qxf5 gxf5 37. Bxh4 Rc8 38. Re2 Rc2 39. Kf1 Nxf4 40. Re8+ Kh7 41. Rf8 Rxb2 42. Rxf7+ Kh6 43. Rg7 Ne6 44. Rb7 Kg6 45. f7 Kg7 46. Be7 Rb1+ 47. Ke2 Kxf7 48. Kd3 Nf4+ 49. Kc4 Rc1+ 50. Kd4 Rd1+ 51. Kc4 Rc1+ 52. Kd4 Rd1+ 1/2-1/2

[Event "ITA-chT Final 53rd"]
[Site "Montesilvano"]
[Date "2022.04.25"]
[Round "3.1"]
[White "Loiacono, Leonardo"]
[Black "D'Amore, Carlo"]
[Result "0-1"]
[WhiteElo "2284"]
[BlackElo "2406"]
[PlyCount "72"]
[EventDate "2022.04.24"]
[EventType "team-tourn"]
[EventRounds "4"]
[EventCountry "ITA"]
[SourceTitle "CBM 207 Extra"]
[Source "ChessBase"]
[SourceDate "2022.05.31"]
[SourceVersion "1"]
[SourceVersionDate "2022.05.31"]
[SourceQuality "1"]
[WhiteTeam "Montebelluna Master"]
[BlackTeam "Chieti"]
[WhiteTeamCountry "ITA"]
[BlackTeamCountry "ITA"]

1. d4 d5 2. c4 c6 3. Nc3 Nf6 4. Nf3 a6 5. g3 Bf5 6. Bg2 e6 7. 0-0 Nbd7 8. Nh4 Be4 9. Nxe4 Nxe4 10. Bxe4 dxe4 11. d5 Be7 12. dxe6 Ne5 13. exf7+ Nxf7 14. Nf5 Bf6 15. Qxd8+ Rxd8 16. Rb1 0-0 17. b3 Rd7 18. h4 b5 19. cxb5 cxb5 20. Bf4 Rd5 21. g4 h5 22. Ne3 Rd2 23. g5 Be5 24. Ng2 Rxa2 25. e3 g6 26. Kh2 Rd8 27. Kg3 Rdd2 28. Rbd1 a5 29. Rxd2 Rxd2 30. Bxe5 Nxe5 31. Ra1 Ng4 32. Rxa5 Rxf2 33. Ra8+ Kf7 34. Ra7+ Ke8 35. Nf4 Rf3+ 36. Kg2 Nxe3+ 0-1

[Event "ITA-chT Final 53rd"]
[Site "Montesilvano"]
[Date "2022.04.24"]
[Round "1.8"]
[White "D'Amore, Carlo"]
[Black "Ceschia, Ivano"]
[Result "1/2-1/2"]
[WhiteElo "2406"]
[BlackElo "2244"]
[PlyCount "77"]
[EventDate "2022.04.24"]
[EventType "team-tourn"]
[EventRounds "4"]
[EventCountry "ITA"]
[SourceTitle "CBM 207 Extra"]
[Source "ChessBase"]
[SourceDate "2022.05.31"]
[SourceVersion "1"]
[SourceVersionDate "2022.05.31"]
[SourceQuality "1"]
[WhiteTeam "Chieti"]
[BlackTeam "Canal Cib Unigas"]
[WhiteTeamCountry "ITA"]
[BlackTeamCountry "ITA"]

1. Nf3 c5 2. g3 Nc6 3. Bg2 g6 4. e4 Bg7 5. Nc3 Rb8 6. d3 b5 7. 0-0 b4 8. Ne2 Nf6 9. h3 d5 10. exd5 Nxd5 11. Nd2 f5 12. Nb3 Qd6 13. a3 0-0 14. axb4 Ndxb4 15. Nf4 e5 16. c3 exf4 17. Bxf4 Be5 18. Bxe5 Nxe5 19. cxb4 Rxb4 20. d4 cxd4 21. f4 Nc4 22. Qxd4 Qxd4+ 23. Nxd4 Ne3 24. Nc6 Rxb2 25. Rf2 Rxf2 26. Kxf2 Nxg2 27. Rxa7 Be6 28. Ne7+ Kg7 29. Kxg2 Rf7 30. Kf2 Kf8 31. Nc6 Rxa7 32. Nxa7 Bd7 33. Ke3 Ke7 34. Kd4 Kd6 35. h4 h6 36. Kc4 Be6+ 37. Kd4 Bd7 38. Kc4 Be6+ 39. Kd4 1/2-1/2

[Event "ITA-chTB 53rd"]
[Site "Montesilvano"]
[Date "2022.04.23"]
[Round "7.4"]
[White "Bernadskiy, Vitaliy"]
[Black "D'Amore, Carlo"]
[Result "1-0"]
[WhiteElo "2615"]
[BlackElo "2406"]
[PlyCount "87"]
[EventDate "2022.04.19"]
[EventType "team-tourn"]
[EventRounds "7"]
[EventCountry "ITA"]
[SourceTitle "CBM 207 Extra"]
[Source "ChessBase"]
[SourceDate "2022.05.31"]
[SourceVersion "1"]
[SourceVersionDate "2022.05.31"]
[SourceQuality "1"]
[WhiteTeam "Montebelluna Master"]
[BlackTeam "Chieti"]
[WhiteTeamCountry "ITA"]
[BlackTeamCountry "ITA"]

1. c4 e5 2. Nc3 Nf6 3. Nf3 Nc6 4. a3 g6 5. d4 exd4 6. Nxd4 Bg7 7. Bg5 h6 8. Bh4 g5 9. Nf5 Bf8 10. Bg3 d6 11. Qc2 Nh5 12. e3 Nxg3 13. hxg3 Bxf5 14. Qxf5 Bg7 15. Qc2 Qd7 16. Bd3 Ne5 17. Bf5 Qc6 18. b3 d5 19. Nxd5 Qd6 20. Rd1 Kf8 21. c5 Qa6 22. f4 gxf4 23. gxf4 Nc6 24. Kf2 Qxa3 25. Nxc7 Rd8 26. Rxd8+ Nxd8 27. Qe4 Bf6 28. Nd5 Kg7 29. Rh3 h5 30. Kf3 Qa1 31. Kg3 Nc6 32. Kh2 h4 33. Qf3 Kf8 34. Bc8 Bd8 35. Bxb7 Ba5 36. Bxc6 Be1 37. Qf1 Bg3+ 38. Kg1 Qa3 39. b4 a5 40. bxa5 Qxa5 41. Qc1 Rh6 42. Bb7 Rh5 43. Nf6 Rf5 44. Ne4 1-0

[Event "Salento op 5th"]
[Site "Gallipoli"]
[Date "2016.05.23"]
[Round "4"]
[White "D'Amore, Carlo"]
[Black "Di Benedetto, Edoardo"]
[Result "1/2-1/2"]
[WhiteElo "2444"]
[BlackElo "2304"]
[PlyCount "114"]
[EventDate "2016.05.21"]
[EventType "swiss"]
[EventRounds "9"]
[EventCountry "ITA"]
[SourceTitle "EXT 2017"]
[Source "ChessBase"]
[SourceDate "2016.10.25"]
[SourceVersion "1"]
[SourceVersionDate "2016.10.25"]
[SourceQuality "1"]

1. Nf3 d5 2. g3 c6 3. Bg2 Bg4 4. b3 Nd7 5. Bb2 e6 6. 0-0 Ngf6 7. c4 Bd6 8. d3 Bxf3 9. Bxf3 0-0 10. Bg2 Qe7 11. a3 Rad8 12. Nd2 Be5 13. d4 Bc7 14. Qc2 Rfe8 15. Rfe1 dxc4 16. bxc4 e5 17. d5 cxd5 18. cxd5 Bd6 19. Rec1 Nb6 20. e4 Qd7 21. a4 Rc8 22. Qb3 Rxc1+ 23. Bxc1 Bc5 24. a5 Nc8 25. Nc4 Nd6 26. Nxd6 Qxd6 27. Qxb7 Ng4 28. Qc6 Qxc6 29. dxc6 Nxf2 30. Rb1 Nd3+ 31. Kf1 Rc8 32. Bd2 Bf8 33. Rb7 Rxc6 34. Rxa7 Nc5 35. Bf3 Nb3 36. Ke1 Nxd2 37. Kxd2 Bb4+ 38. Kd1 g6 39. a6 Bc5 40. Ra8+ Kg7 41. Be2 Rc7 42. Rb8 Ba7 43. Rb3 f5 44. exf5 gxf5 45. g4 Kf6 46. gxf5 Kxf5 47. Bd3+ Kg5 48. h3 Bd4 49. Rb7 Rxb7 50. axb7 Ba7 51. Bxh7 Kf4 52. Bg8 e4 53. Be6 Kg5 54. Ke2 e3 55. Kf3 Kf6 56. Bg4 Kg5 57. Bd7 Kh4 1/2-1/2

[Event "Salento op 5th"]
[Site "Gallipoli"]
[Date "2016.05.22"]
[Round "3"]
[White "Vovk, Andrey"]
[Black "D'Amore, Carlo"]
[Result "1-0"]
[WhiteElo "2632"]
[BlackElo "2444"]
[PlyCount "55"]
[EventDate "2016.05.21"]
[EventType "swiss"]
[EventRounds "9"]
[EventCountry "ITA"]
[SourceTitle "EXT 2017"]
[Source "ChessBase"]
[SourceDate "2016.10.25"]
[SourceVersion "1"]
[SourceVersionDate "2016.10.25"]
[SourceQuality "1"]

1. e4 e5 2. Nf3 Nc6 3. d4 exd4 4. Nxd4 Bb4+ 5. c3 Bc5 6. Be3 Bb6 7. Nf5 g6 8. Bxb6 axb6 9. Ne3 Nf6 10. f3 0-0 11. c4 d5 12. cxd5 Nxe4 13. fxe4 Qh4+ 14. Kd2 Qxe4 15. Bd3 Qb4+ 16. Nc3 Ne5 17. Qb3 Qf4 18. Raf1 Qh6 19. Qb4 f5 20. Qf4 Qg7 21. Nc4 Ng4 22. h3 Nf6 23. Re1 b5 24. Ne5 Ne4+ 25. Bxe4 fxe4 26. Qxe4 Rf2+ 27. Re2 Rf5 28. Qe3 1-0

[Event "ITA-chT 48th"]
[Site "Civitanova Marche"]
[Date "2016.04.28"]
[Round "2.1"]
[White "Godena, Michele"]
[Black "D'Amore, Carlo"]
[Result "1/2-1/2"]
[WhiteElo "2493"]
[BlackElo "2444"]
[PlyCount "29"]
[EventDate "2016.04.27"]
[EventType "team-swiss"]
[EventRounds "7"]
[EventCountry "ITA"]
[SourceTitle "CBM 172 Extra"]
[Source "ChessBase"]
[SourceDate "2016.06.21"]
[SourceVersion "1"]
[SourceVersionDate "2016.06.21"]
[SourceQuality "1"]
[WhiteTeam "Padova Obiettivo"]
[BlackTeam "Milan Accademia"]
[WhiteTeamCountry "ITA"]
[BlackTeamCountry "ITA"]

1. e4 g6 2. d4 Bg7 3. Nf3 d6 4. c3 Nf6 5. Bd3 Nc6 6. 0-0 0-0 7. Re1 e5 8. h3 Re8 9. Na3 Bd7 10. Bd2 a5 11. Nc2 h6 12. a4 Nb8 13. Na3 Bc6 14. Qc2 Re7 15. Nb5 1/2-1/2

[Event "EU-Cup 31st"]
[Site "Skopje"]
[Date "2015.10.23"]
[Round "6.4"]
[White "D'Amore, Carlo"]
[Black "Dinev, Dejan"]
[Result "1-0"]
[WhiteElo "2459"]
[BlackElo "2304"]
[PlyCount "65"]
[EventDate "2015.10.18"]
[EventType "team-swiss"]
[EventRounds "7"]
[EventCountry "MKD"]
[SourceTitle "CBM 169"]
[Source "ChessBase"]
[SourceDate "2015.11.10"]
[SourceVersion "1"]
[SourceVersionDate "2015.11.10"]
[SourceQuality "1"]
[WhiteTeam "Modena"]
[BlackTeam "Asseko See"]
[WhiteTeamCountry "ITA"]
[BlackTeamCountry "MKD"]

1. Nf3 Nf6 2. g3 g6 3. b3 Bg7 4. Bb2 0-0 5. Bg2 d5 6. c4 c6 7. 0-0 Re8 8. d3 Nbd7 9. Qc2 e5 10. e4 Qb6 11. cxd5 cxd5 12. Nbd2 Qc5 13. Rac1 b6 14. Qb1 Qd6 15. exd5 Bb7 16. Ne4 Qb8 17. Nxf6+ Nxf6 18. Rfe1 Nxd5 19. Re2 Qd6 20. Rce1 Nb4 21. Nxe5 Bxg2 22. Kxg2 Bxe5 23. Rxe5 Rxe5 24. Rxe5 Nxd3 25. Re3 Rd8 26. Ba1 b5 27. Kg1 b4 28. Qf1 a5 29. f4 f5 30. Qe2 Kf7 31. Qc2 Qc5 32. Qe2 Qd6 33. Qc2 1-0

[Event "EU-Cup 31st"]
[Site "Skopje"]
[Date "2015.10.21"]
[Round "4.4"]
[White "Kaspi, Alexander"]
[Black "D'Amore, Carlo"]
[Result "1-0"]
[WhiteElo "2440"]
[BlackElo "2459"]
[PlyCount "134"]
[EventDate "2015.10.18"]
[EventType "team-swiss"]
[EventRounds "7"]
[EventCountry "MKD"]
[SourceTitle "CBM 169"]
[Source "ChessBase"]
[SourceDate "2015.11.10"]
[SourceVersion "1"]
[SourceVersionDate "2015.11.10"]
[SourceQuality "1"]
[WhiteTeam "Rishon Le Zion"]
[BlackTeam "Modena"]
[WhiteTeamCountry "ISR"]
[BlackTeamCountry "ITA"]

1. d4 d5 2. c4 c6 3. Nf3 Nf6 4. Qb3 dxc4 5. Qxc4 Bg4 6. Nbd2 Nbd7 7. g3 e6 8. Bg2 Be7 9. 0-0 0-0 10. Qb3 Qb6 11. Nc4 Qa6 12. a4 Nb6 13. Nce5 Bxf3 14. Bxf3 Rac8 15. Bd2 c5 16. dxc5 Bxc5 17. Nd3 Be7 18. Qb5 Nfd5 19. Qxa6 bxa6 20. Rfc1 Nc4 21. Be1 Bf6 22. Rab1 g6 23. e4 Ne7 24. b3 Na3 25. Rxc8 Rxc8 26. Rc1 Rxc1 27. Nxc1 Nc2 28. Bd2 Nc6 29. Bd1 N2b4 30. Ne2 a5 31. Kg2 Bd8 32. f4 Bb6 33. e5 Kf8 34. Kf3 Ke7 35. Ke4 Nd5 36. Nc3 f5+ 37. exf6+ Nxf6+ 38. Kd3 h5 39. h3 e5 40. fxe5 Nxe5+ 41. Ke2 Nc6 42. Bf4 Ke6 43. Kd3 Ne5+ 44. Kc2 Nc6 45. Kc1 Bd4 46. Ne2 Be5 47. Bc2 Ne7 48. Be3 Bb8 49. Nf4+ Bxf4 50. Bxf4 Nfd5 51. Bd2 Nb4 52. Bb1 Nf5 53. Be1 g5 54. Kb2 Nd4 55. Kc3 Kd5 56. Bg6 Ne2+ 57. Kd2 Nd4 58. Bf7+ Ke4 59. Bf2 Nbc6 60. Bxh5 Nxb3+ 61. Kc3 Nbd4 62. Bg6+ Kd5 63. h4 gxh4 64. gxh4 Ne2+ 65. Kd2 Ne5 66. Bc2 Nf4 67. Bxa7 Kc4 1-0

[Event "EU-Cup 31st"]
[Site "Skopje"]
[Date "2015.10.19"]
[Round "2.4"]
[White "Colovic, Aleksandar"]
[Black "D'Amore, Carlo"]
[Result "1/2-1/2"]
[WhiteElo "2447"]
[BlackElo "2459"]
[PlyCount "27"]
[EventDate "2015.10.18"]
[EventType "team-swiss"]
[EventRounds "7"]
[EventCountry "MKD"]
[SourceTitle "CBM 169"]
[Source "ChessBase"]
[SourceDate "2015.11.10"]
[SourceVersion "1"]
[SourceVersionDate "2015.11.10"]
[SourceQuality "1"]
[WhiteTeam "Cheddleton"]
[BlackTeam "Modena"]
[WhiteTeamCountry "ENG"]
[BlackTeamCountry "ITA"]

1. e4 e5 2. Nf3 Nc6 3. Bb5 Nf6 4. d3 d6 5. 0-0 Bd7 6. c3 g6 7. a4 Bg7 8. a5 a6 9. Bc4 0-0 10. Bg5 h6 11. Bh4 Qe8 12. Qb3 Rb8 13. Nbd2 Nh5 14. Rfe1 1/2-1/2

[Event "Forni di Sopra op 5th"]
[Site "Forni di Sopra"]
[Date "2014.06.18"]
[Round "6"]
[White "D'Amore, Carlo"]
[Black "Libiszewski, Fabien"]
[Result "0-1"]
[WhiteElo "2492"]
[BlackElo "2543"]
[PlyCount "62"]
[EventDate "2014.06.14"]
[EventType "swiss"]
[EventRounds "9"]
[EventCountry "ITA"]
[SourceTitle "CBM 160 Extra"]
[Source "ChessBase"]
[SourceDate "2014.07.01"]
[SourceVersion "1"]
[SourceVersionDate "2014.07.01"]
[SourceQuality "1"]

1. Nf3 d5 2. g3 g6 3. Bg2 Bg7 4. d4 Nf6 5. 0-0 0-0 6. Bf4 c6 7. Qc1 Re8 8. c4 Bf5 9. Rd1 Nbd7 10. b3 Rc8 11. Nc3 dxc4 12. bxc4 c5 13. Qa3 Qb6 14. Rac1 e6 15. dxc5 Qxc5 16. Qxc5 Nxc5 17. Nb5 Nfe4 18. Be5 a6 19. Bxg7 Kxg7 20. Nbd4 Na4 21. Nd2 Nec3 22. Re1 Red8 23. N4b3 b5 24. cxb5 Rxd2 25. Rxc3 Rxe2 26. Rxe2 Nxc3 27. Rb2 axb5 28. Nd4 Bd3 29. Bc6 e5 30. Bxb5 Be4 31. Ne2 Nxe2+ 0-1

[Event "Forni di Sopra op 5th"]
[Site "Forni di Sopra"]
[Date "2014.06.17"]
[Round "5"]
[White "Brociner, Beniamino"]
[Black "D'Amore, Carlo"]
[Result "0-1"]
[WhiteElo "2157"]
[BlackElo "2492"]
[PlyCount "110"]
[EventDate "2014.06.14"]
[EventType "swiss"]
[EventRounds "9"]
[EventCountry "ITA"]
[SourceTitle "CBM 160 Extra"]
[Source "ChessBase"]
[SourceDate "2014.07.01"]
[SourceVersion "1"]
[SourceVersionDate "2014.07.01"]
[SourceQuality "1"]

1. Nf3 Nf6 2. c4 c6 3. d4 d5 4. Nbd2 Bf5 5. Nh4 Bd7 6. e3 e6 7. Nhf3 c5 8. Bd3 Nc6 9. 0-0 cxd4 10. exd4 Nb4 11. Bb1 dxc4 12. Nxc4 Bb5 13. b3 Be7 14. Re1 0-0 15. a3 Nbd5 16. Bd3 Rc8 17. Bd2 Bc6 18. Nce5 Nb6 19. Bg5 h6 20. Be3 Nbd5 21. Bd2 Nb6 22. Be3 Qd5 23. b4 Bb5 24. Bc2 Rc7 25. Bb3 Qd6 26. Bf4 Nbd5 27. Bg3 Qd8 28. Nxf7 Kxf7 29. Bxc7 Qxc7 30. Ne5+ Kg8 31. Rc1 Qd6 32. Ng6 Rd8 33. f4 Nxf4 34. Nxf4 Qxf4 35. Rxe6 Kf8 36. d5 Bd6 37. g3 Qg5 38. Rc3 Be8 39. h4 Qh5 40. Qf1 Be5 41. Rf3 Bf7 42. Rf5 Qg4 43. Rexe5 Qxg3+ 44. Kh1 Qxb3 45. Rxf6 gxf6 46. Qxf6 Qh3+ 47. Kg1 Qg3+ 48. Kf1 Rd7 49. Qh8+ Qg8 50. Qxh6+ Qg7 51. Qf4 Rd6 52. Rf5 Ke7 53. Re5+ Kd7 54. Qf5+ Kd8 55. Ke2 Bxd5 0-1